000 01002nam a2200277Ia 4500
005 20250425162106.0
008 250425s9999 xx 000 0 und d
020 _a9701034864
041 _aspa
082 _a001.424
100 _aHILLIER, FREDERICK S.
245 0 _aINVESTIGACION DE OPERACIONES
250 _a7A ED.
260 _aMEXICO
260 _aMéxico
_bMCGRAW-HILL
_c2002
300 _a1223
500 _aTítulo Traducido: INTRODUCTION TO OPERATIONS RESEARCH
520 _aESTA EDICION PRESENTA ORIENTACION HACIA LAS APLICACIONES A PROBLEMAS REALES. INCLUYE EJEMPLOS Y EL DESARROLLO DE 25 CASOS INEDITOS. SE INCLUYEN 10 SECCIONES DEDICADAS A LOS TIPOS Y TAMAÑOS DE PROBLEMAS QUE SE RESUELVEN EN LAS APLICACIONES PRACTICAS TANT
650 _aADMINISTRACION DE PROYECTOS
650 _aALGORITMOS INFORMATICOS
650 _aINVESTIGACION DE OPERACIONES
650 _aPROGRAMACION LINEAL
700 _aMARCIA GONZALEZ OSUNA
_etraductor
942 _c01
010 _a49357
999 _c222169
_d222169